| 000 | 01164nam a2200241 a 4500 | ||
|---|---|---|---|
| 001 | 000036085 | ||
| 003 | DO-SdBNP | ||
| 005 | 20250414130118.0 | ||
| 008 | 111129s1993 dr ac 000 0 spa d | ||
| 020 | _a8479521147 | ||
| 040 |
_aDO-SdBNP _bspa _cBNPHU _erda |
||
| 082 | 4 |
_a246 _bC957p |
|
| 100 | 1 |
_aCruz Valdovinos, José Manuel _962118 |
|
| 245 | 1 | 3 |
_aLa platería de la Catedral de Santo Domingo primada de américa / _cJosé Manuel Cruz Valdovinos, Andrés Escalera Ureña; editado por Eugenio Pérez Montás. |
| 260 |
_aSanto Domingo : _bPatronato de la Ciudad Colonial de Santo Domingo ; _bOficina de la Obra y Museos de la Catedral Metropolitana de Santa María de la Encarnación; _bMuseo de las Casas Reales, _c1993. |
||
| 300 |
_a332 p. : _bil., retrs. ; _c29 cm. |
||
| 490 | 1 | _aQuinto Centenario. Serie Catedral Primada | |
| 610 | 2 | 0 |
_aCatedral de Santo Domingo (República Dominicana) _xObjetos litúrgicos _zRepública Dominicana _zSanto Domingo _vCatálogos. _987444 |
| 700 | 1 |
_aEscalera Ureña, Andrés _962119 |
|
| 700 | 1 |
_aPérez Montás, Eugenio; _eed. _913156 |
|
| 830 | 0 |
_aQuinto Centenario. Serie Catedral Primada _962120 |
|
| 942 |
_2ddc _cLBS1 |
||
| 999 |
_c35576 _d35576 |
||